Konvergencia slovenskej ekonomiky v období krízy

Aktuálny vývoj a výhľad nominálnej konvergencie. Hodnotenie vplyvu reálnej konvergencie. Výhľad na nasledujúce roky.

Salvato in:
Dettagli Bibliografici
Autore principale: Lalinský, Tibor
Natura: Capitolo di libro
Lingua:slovacco
Soggetti:
Tags: Aggiungi Tag
Nessun Tag, puoi essere il primo ad aggiungerne!!

MARC

LEADER 00000naa$a2200000$$$4500
001 0105390
005 20231116085519.6
041 0 |a slo 
044 |a SK 
245 1 0 |a Konvergencia slovenskej ekonomiky v období krízy  |c Tibor Lalinský 
520 |a Aktuálny vývoj a výhľad nominálnej konvergencie. Hodnotenie vplyvu reálnej konvergencie. Výhľad na nasledujúce roky. 
610 2 0 |a konvergencia 
610 2 0 |a kríza finančná 
610 2 0 |a Slovensko 
610 2 0 |a eurozóna 
610 2 0 |a prognózy hospodárske 
100 1 |a Lalinský, Tibor